000 00332nam a2200145Ia 4500
008 100122s9999 xx 000 0 und d
082 _b59920
_a910.4
100 _aNIVEN CHRISTINE
245 _aSOUTH INDIA
260 _bLONELY PLANET
_c1998
300 _a688
630 _aSOUTH INDIA
730 _aSOUTH INDIA
942 _cBOOK
999 _c377785
_d377782